000 00309nam a22001457a 4500
008 180919b xxu||||| |||| 00| 0 eng d
020 _a9780801311062
041 _aeng
080 _a658
082 _a658
100 _a54
101 _aLID
245 _aReframing & Reform
_cCarlson,R.V
942 _2udc
_cBK
999 _c48038
_d48038